| 000 | 00748nam a22001577a 4500 | ||
|---|---|---|---|
| 003 | OSt | ||
| 005 | 20150917153059.0 | ||
| 008 | 150917b xxu||||| |||| 00| 0 eng d | ||
| 040 | _cRUA | ||
| 082 | _aAGR MEN 2005 B032 Or.1 | ||
| 100 |
_9690 _aMEN SOPHEAP |
||
| 245 | _acomparing celery cabbage(Brassicachinensis L) Varieties under cindition of royal university of agriculture crop station in dry seson,2005,(ការប្រៀបធៀបពូជដំណាំស្ពៃចង្កឹះក្នុងល័ក្ខខណ្ឌស្ថានីយ៍ដំណាំសាកលវិទ្យាល័យភូមិន្ទកសិកម្ម) | ||
| 260 |
_aphnom penh _bRUA _c2005 |
||
| 300 |
_axii,51p. _cill. _g29cm. |
||
| 942 |
_2ddc _cAGR |
||
| 999 |
_c666 _d666 |
||